Fernando Torm. Su Legado

Sparad:
Bibliografiska uppgifter
Materialtyp: Bok
Publicerad: Los Vilos, Chile: Bodegón Cultural de Los Vilos, 2015.
Ämnen:
Taggar: Lägg till en tagg
Inga taggar, Lägg till första taggen!

MARC

LEADER 00000nam a22000007a 4500
003 CL-VaPUC
005 20240729131000.0
008 230808t2015 ||||| |||| 00| 0 eng d
999 |c 441543  |d 441541 
040 |c Pontificia Universidad Católica de Valparaíso 
082 0 4 |2 22  |a 709.83 FER 2015 
245 1 0 |a Fernando Torm.  |b Su Legado 
260 |a Los Vilos, Chile:   |b Bodegón Cultural de Los Vilos,  |c 2015. 
300 |a 53 páginas; ilustraciones. 
500 |a c.1 Donación Prof. Constanza Jarpa Luco. Memo ART 05/2023 
583 |c 20230808  |k Catalogador Asistente 
600 |a Torm, Fernando   |d 1944-2011  |x Exposiciones  |9 884214 
650 1 |a Artistas visuales chilenos  |x Exposiciones  |9 884215 
650 1 |a Arte chileno  |x Exposiciones  |9 884216 
650 1 |a Pintura chilena  |9 266171 
650 1 |a Técnicas mixtas  |x Quilts  |9 884217 
650 1 |a Ilustración chilena  |9 884218 
650 1 0 |a Artes gráficas  |9 265865 
942 |2 ddc  |c BK 
952 |0 0  |1 0  |2 ddc  |4 0  |6 709_830000000000000_FER_2015  |7 0  |8 R  |9 591177  |a BIBART  |b BIBART  |d 2023-08-08  |e Donación  |i 5658357  |o 709.83 FER 2015  |p 5658357  |r 2025-03-13  |t 1  |w 2023-08-08  |y BK_R  |k ART